[Event "14th Euro Indiv 2013"]
[Site "Legnica POL"]
[Date "2013.05.11"]
[Round "7.50"]
[White "Hovhannisyan,R"]
[Black "Tratar,M"]
[Result "1/2-1/2"]
[WhiteElo "2607"]
[BlackElo "2498"]

1.e4 e6 2.d4 d5 3.Nd2 a6 4.Bd3 c5 5.dxc5 Bxc5 6.Ngf3 Nc6 7.O-O Nb4 8.Nb3 dxe4
9.Bxe4 Qxd1 10.Rxd1 Be7 11.c4 Nf6 12.Bb1 Bd7 13.Nbd4 Nc6 14.Nxc6 Bxc6 15.Ne5 Be4
16.Be3 Rc8 17.Bxe4 Nxe4 18.f3 Nd6 19.b3 Nf5 20.Bf2 Bf6 21.f4 g5 22.g3 gxf4
23.gxf4 Rg8+ 24.Kf1 Bxe5 25.fxe5 Rg4 26.Rd3 Re4 27.Re1 Rxe1+ 28.Kxe1 Rd8
29.Ke2 Rxd3 30.Kxd3 Ne7 31.Ke4 Nc6 32.Be1 Kd7 33.a4 Ne7 34.b4 Nc8 35.Bf2 Ne7
36.b5 Ng6 37.Be1 Kc7 38.Ba5+ Kd7 39.Kd4 Nh4 40.Ke4 Ng6 41.Bb6 Kc8 42.Bc5 Kd7
43.Bf2 Kc7 44.Be3 axb5 45.cxb5 b6 46.Bg5 Kc8 47.Bf6 Kc7 48.Kf3 h5 49.Ke4 Kc8
50.Bg5 Kc7 51.Bd2 Kb7 52.a5 bxa5 53.Bxa5 Ka7 54.Bd8 Kb7 55.Kd4 Ka7 56.Kc5 Nxe5
57.Kd6 Nc4+ 58.Kc7 Nb6 59.Kc6 Nd5 60.b6+ Kb8 61.Bh4 Nb4+ 62.Kd7 Nd5 63.Ke8 f5
64.Kf7 Nxb6 65.Kxe6 Kc8 66.Kxf5 Kd7 67.Kg6 Ke6 68.Kxh5 Kf7 69.Bf2 Nd5 70.Bd4 Nf4+
71.Kh6 Ne6 72.Be3 Kf6 73.Bd2 Kf7 74.Bc3 Nc5 75.Be5 Ne4 76.Bd4 Nd2 77.h3 Ne4
78.h4 Ng3 79.Kg5 Ne4+ 80.Kf5 Ng3+ 81.Kg4 Ne4 82.Kf4 Nf6 83.Kf5 Nh5 84.Kg5 Ng7
85.Bc3 Ne6+ 86.Kh6 Nf4 87.Bd2 Ne6 88.Bc3 Nf4 89.Kg5 Ne6+ 90.Kh5 Ng7+ 91.Kg5 Ne6+
92.Kh6 Nf4  1/2-1/2

[Event "Somov Memorial 2013"]
[Site "Kirishi RUS"]
[Date "2013.05.12"]
[Round "4.4"]
[White "Codenotti,M"]
[Black "Chigaev,M"]
[Result "0-1"]
[WhiteElo "2385"]
[BlackElo "2455"]

1.e4 e6 2.d4 d5 3.Nd2 Be7 4.Bd3 c5 5.dxc5 Nf6 6.Qe2 O-O 7.Ngf3 Nfd7 8.b4 a5
9.c3 axb4 10.cxb4 b6 11.cxb6 Bxb4 12.Rb1 Nc6 13.a3 Bxd2+ 14.Bxd2 Nxb6 15.e5 h6
16.Bxh6 Nc4 17.O-O Nxa3 18.Bg5 Nd4 19.Nxd4 Qxg5 20.Rb4 Nc4 21.f4 Qe7 22.Qh5 g6
23.Qh6 Ra3 24.Rb3 Rxb3 25.Nxb3 Ne3 26.Rf3 Ng4 27.Qh3 Qa7+ 28.Kf1 f5 29.exf6 e5
30.f5 Bxf5 31.Bxf5 gxf5 32.Qh5 Rxf6 33.Qe8+ Kg7  0-1

[Event "Somov Memorial 2013"]
[Site "Kirishi RUS"]
[Date "2013.05.12"]
[Round "5.1"]
[White "Karthikeyan,M2"]
[Black "Akhmetov,Ay"]
[Result "1/2-1/2"]
[WhiteElo "2435"]
[BlackElo "2318"]

1.e4 e6 2.d4 d5 3.Nd2 Nc6 4.Ngf3 Nf6 5.e5 Nd7 6.c3 f6 7.exf6 Qxf6 8.Be2 Bd6
9.Nf1 b6 10.Ng3 Bb7 11.O-O O-O 12.Bg5 Qf7 13.Be3 e5 14.Ng5 Qe7 15.dxe5 Ncxe5
16.Qc2 g6 17.Rae1 Rae8 18.Qd2 Bc5 19.Bd4 Qf6 20.f4 Bxd4+ 21.Qxd4 Nf7 22.Bg4 Nxg5
23.fxg5 Qxd4+ 24.cxd4 Rxf1+ 25.Kxf1 Rxe1+ 26.Kxe1 Nf8 27.Ne2 Kf7 28.Nf4 Ke7
29.h4 Kd6 30.b4 Bc6 31.h5 gxh5 32.Bxh5  1/2-1/2

[Event "Victory Day Open 2013"]
[Site "Moscow RUS"]
[Date "2013.05.12"]
[Round "6.5"]
[White "Losev,D"]
[Black "Yakimenko,Alex"]
[Result "0-1"]
[WhiteElo "2274"]
[BlackElo "2205"]

1.e4 e6 2.d4 d5 3.Nd2 Nc6 4.Ngf3 Nf6 5.e5 Nd7 6.Be2 Be7 7.O-O f6 8.exf6 Bxf6
9.Re1 O-O 10.Bb5 Nxd4 11.Nxd4 Bxd4 12.Nf3 Bf6 13.Bf1 c6 14.Rxe6 Nc5 15.Re1 Bg4
16.Be2 Ne4 17.Rb1 Qa5 18.Be3 Qxa2 19.Nd4 Bxe2 20.Rxe2 Rae8 21.c3 Nxf2 22.Rxf2 Rxe3
23.Nf5 Re5 24.Ra1 Qc4 25.Kh1 Bh4 26.Nd6 Bxf2 27.Nxc4 Re1+ 28.Qxe1 Bxe1 29.Rxe1 dxc4
30.Kg1 Rd8 31.Re2 Kf7 32.Kf2 Kf6 33.Ke1 Rd5 34.Rf2+ Ke6 35.h4 h5 36.Rf4 Rb5
37.Rf2 Ke5 38.Kd1 Ke4 39.Kc2 g5 40.Rd2 Rd5 41.Re2+ Kf4 42.hxg5 Rxg5 43.Kb1 b5
44.Ka2 a5 45.Re6 Rxg2 46.Rf6+ Ke5 47.Rxc6 Rg5 48.Ra6 Kf4 49.Rxa5 h4 50.Ra8 h3
51.Rh8 Kg3 52.b3 h2  0-1

[Event "14th Euro Indiv 2013"]
[Site "Legnica POL"]
[Date "2013.05.13"]
[Round "8.69"]
[White "Petenyi,T"]
[Black "Volkov,Sergey1"]
[Result "0-1"]
[WhiteElo "2455"]
[BlackElo "2610"]

1.e4 e6 2.d4 d5 3.Nd2 a6 4.Ngf3 Nf6 5.e5 Nfd7 6.c4 c5 7.cxd5 exd5 8.Bd3 Nc6
9.O-O Be7 10.Re1 O-O 11.h3 Qb6 12.Bb1 Rd8 13.Nf1 Nf8 14.Ng3 a5 15.dxc5 Bxc5
16.Be3 Bxe3 17.Rxe3 Be6 18.Re2 a4 19.Bd3 d4 20.Qd2 Nb4 21.a3 Nxd3 22.Qxd3 Ra5
23.Ne4 Bf5 24.Qd2 d3 25.Re3 Bxe4 26.Rxe4 Ne6 27.Rb4 Rb5 28.Rxb5 Qxb5 29.Rc1 h6
30.Rc3 Qd5 31.Rc1 Nc5 32.Qa5 Nb3 33.Qxd5 Rxd5 34.Rd1 Na5 35.Ne1 d2 36.Nf3 Nc4
37.Kf1 g5 38.Ke2 b5 39.g4 Kg7 40.Nxd2 Rxe5+ 41.Kf3 Rd5 42.Ke2 Nxb2 43.Rb1 Nd3
44.Nf3 Nf4+ 45.Ke3 Rd3+ 46.Ke4 Rxa3 47.Nd4 Nxh3 48.f3 Nf2+ 49.Kd5 h5 50.gxh5 Kh6
51.Rxb5 Kxh5 52.Rb6 g4 53.fxg4+ Nxg4 54.Ra6 Kg5 55.Kc4 Ne3+ 56.Kb5 Nd1 57.Kb4 Rd3
58.Ra5+ Kf4 59.Ne2+ Kf3 60.Nc1 Rd4+ 61.Ka3 Nc3 62.Rf5+ Ke4 63.Rxf7 Nb5+ 64.Ka2 Rd2+
65.Ka1 Nc3 66.Re7+ Kf5 67.Rf7+ Ke6 68.Ra7 Kd6 69.Ra6+ Kd5 70.Ra5+ Kc4 71.Rc5+ Kb4  0-1

[Event "2nd Oscar Panno GM"]
[Site "Moron ARG"]
[Date "2013.05.14"]
[Round "3"]
[White "Villanueva,Mar"]
[Black "Rodriguez Vila,A"]
[Result "1/2-1/2"]
[WhiteElo "2402"]
[BlackElo "2490"]

1.e4 e6 2.d4 d5 3.Nd2 a6 4.Ngf3 c5 5.exd5 exd5 6.Be2 c4 7.O-O Nf6 8.b3 b5
9.a4 c3 10.axb5 cxd2 11.Bxd2 Be7 12.c4 Bb7 13.c5 axb5 14.Bxb5+ Nc6 15.Ne5 Qc8
16.Re1 Rxa1 17.Qxa1 Nd7 18.Nxc6 Bxc6 19.Bxc6 Qxc6 20.b4 f6 21.Qb1 Kf7 22.b5 Qc8
23.Bb4 Nf8 24.c6 Bxb4 25.Qxb4 Ne6 26.Rc1 Nf4 27.Qd2 Qg4 28.f3 Qg5 29.Kh1 Re8
30.g3 Nd3 31.Qxg5 fxg5 32.Rc3 Re1+ 33.Kg2 Re2+ 34.Kf1  1/2-1/2

[Event "ch-KGZ Men 2013"]
[Site "Bishkek KGZ"]
[Date "2013.05.15"]
[Round "7"]
[White "Asanov,Tu"]
[Black "Moldobaev,Erik"]
[Result "0-1"]
[WhiteElo "2019"]
[BlackElo "2111"]

1.e4 e6 2.d4 d5 3.Nd2 Be7 4.c3 c5 5.e5 Qb6 6.Qg4 g6 7.Nb3 cxd4 8.Qxd4 Qc7
9.f4 Bd7 10.Nf3 Nc6 11.Qd1 f6 12.exf6 Nxf6 13.Bd3 Bd6 14.g3 O-O 15.O-O e5
16.fxe5 Nxe5 17.Nxe5 Bxe5 18.Bf4 Qb6+ 19.Kg2 Ng4 20.Be2 Rxf4 21.Bxg4 Rxg4
22.Qxd5+ Qe6 23.Qxe6+ Bxe6 24.Rfe1 Rg5 25.Rad1 Bf7 26.Re3 Bg7 27.Re7 Be8
28.Nd4 Bxd4 29.Rxd4 Bc6+ 30.Kf2 Rf5+ 31.Ke2 Raf8 32.Kd2 Rf2+ 33.Re2 R8f7
34.h4 Rxe2+ 35.Kxe2 Re7+ 36.Kd3 Rd7 37.Kc4 Rxd4+ 38.cxd4 Kf7 39.d5 Be8 40.Kd4 Kf6
41.a3 Bd7 42.b3 h6 43.a4 b6 44.Ke4 Bf5+ 45.Kd4 Bc2 46.Kc3 Bd1 47.a5 Ke5 48.axb6 axb6
49.Kc4 Be2+ 50.Kc3 Kxd5 51.Kd2 Bg4 52.Ke3 g5 53.hxg5 hxg5 54.Kd3 b5  0-1

[Event "Somov Memorial 2013"]
[Site "Kirishi RUS"]
[Date "2013.05.16"]
[Round "9.1"]
[White "Chigaev,M"]
[Black "Akhmetov,Ay"]
[Result "1/2-1/2"]
[WhiteElo "2455"]
[BlackElo "2318"]

1.e4 e6 2.d4 d5 3.Nd2 Nc6 4.Ngf3 Nf6 5.e5 Nd7 6.Be2 Be7 7.Nb3 a5 8.a4 O-O
9.O-O b6 10.Bb5 Na7 11.Be2 Nc6 12.c3 Ba6 13.Bxa6 Rxa6 14.Re1 Ncb8 15.g3 c5
16.Be3 Nc6 17.h4 Qc7 18.Qe2 Raa8 19.h5 Rfb8 20.h6 g6 21.Ng5 cxd4 22.cxd4 Nb4  1/2-1/2

[Event "14th Euro Indiv 2013"]
[Site "Legnica POL"]
[Date "2013.05.16"]
[Round "11.59"]
[White "Gallagher,Jo"]
[Black "Arizmendi Martinez,J"]
[Result "1/2-1/2"]
[WhiteElo "2507"]
[BlackElo "2571"]

1.e4 e6 2.d4 d5 3.Nd2 Be7 4.c3 c5 5.dxc5 Nf6 6.exd5 Qxd5 7.b4 O-O 8.Ngf3 b6
9.Bc4 Qc6 10.O-O bxc5 11.b5 Qc7 12.a4 a6 13.Rb1 Nbd7 14.Bd3 axb5 15.axb5 Nd5
16.Qb3 N7b6 17.Re1 Rd8 18.c4 Nb4 19.Bf1 f6 20.Ba3 Nc2 21.Qxc2 Rxa3 22.Ra1 Rxa1
23.Rxa1 f5 24.Re1 Bf6 25.Nb3 e5 26.Rd1 Rxd1 27.Qxd1 e4 28.Nfd2 Qd6 29.Qc2 Be6
30.Qa2 Bc3 31.Qc2 Bb4 32.g3 h6 33.Be2 Qe5 34.Nf1 f4 35.gxf4 Qxf4 36.Ne3 Nd7
37.Qd1 Nf6 38.Qf1 h5 39.Qg2 h4 40.h3 Qe5 41.Qh2 Qc3 42.b6 Qxb3 43.b7 Nd7
44.b8=Q+ Nxb8 45.Qxb8+ Kh7 46.Qe5 Bf7 47.Qxe4+ g6 48.Qe7 Kg7 49.Qe5+ Kg8
50.Ng4 Qc3 51.Qf4 Qe1+ 52.Bf1 Qe7 53.Bd3 Bc3 54.Nh6+ Kg7 55.Nxf7 Qxf7 56.Qxh4 Bd4
57.Qg3 Qf6 58.Be4 Be5 59.Qg4 Bd4 60.Qg3 Be5  1/2-1/2

[Event "14th Euro Indiv 2013"]
[Site "Legnica POL"]
[Date "2013.05.16"]
[Round "11.118"]
[White "Tomazini,Z"]
[Black "Hristodoulou,P"]
[Result "1-0"]
[WhiteElo "2370"]
[BlackElo "2219"]

1.e4 e6 2.d4 d5 3.Nd2 Be7 4.Ngf3 Nf6 5.e5 Nfd7 6.Bd3 c5 7.c3 Nc6 8.O-O g5
9.dxc5 Nxc5 10.Bb5 Nd7 11.Nb3 h6 12.Nfd4 Qc7 13.f4 a6 14.Bxc6 bxc6 15.Qh5 Nf8
16.fxg5 Ng6 17.gxh6 c5 18.Nf3 Bb7 19.Ng5 Bxg5 20.Bxg5 Qxe5 21.Rae1 Qd6 22.Rxf7 Kxf7
23.Rf1+ Ke8 24.Qxg6+ Kd7 25.Rf7+ Kc8 26.Bf4 Qb6 27.Qg7 c4+ 28.Nd4  1-0

[Event "Open Hradec Kralove 2013"]
[Site "Hradec Kralove CZE"]
[Date "2013.05.17"]
[Round "4"]
[White "Navratil,Ji3"]
[Black "Pulpan,Matej"]
[Result "1-0"]
[WhiteElo "2025"]
[BlackElo "1798"]

1.e4 e6 2.d4 d5 3.Nd2 Be7 4.Ngf3 Nf6 5.Bd3 c5 6.dxc5 Bxc5 7.exd5 Nxd5 8.Nb3 Be7
9.O-O O-O 10.Qe2 Nc6 11.Rd1 Qc7 12.Qe4 Nf6 13.Qh4 e5 14.c3 Bg4 15.Bg5 e4
16.Bxf6 Bxf3 17.Bxe7 Nxe7 18.Bxe4 Bxe4 19.Qxe4 Rae8 20.Qg4 f5 21.Qa4 f4 22.Rd7 Qe5
23.Nd4 Ng6 24.Nf3 Qe6 25.Rxb7 Ne5 26.Qb3 Nxf3+ 27.gxf3 Qxb3 28.axb3 Rb8 29.Raxa7 Rxb7
30.Rxb7  1-0

[Event "Asian Continental 2013"]
[Site "Manila PHI"]
[Date "2013.05.19"]
[Round "2.26"]
[White "Mohamad,Ervan"]
[Black "Munkhgal,G"]
[Result "1/2-1/2"]
[WhiteElo "2162"]
[BlackElo "2427"]

1.e4 e6 2.d4 d5 3.Nd2 a6 4.Ngf3 Nf6 5.Bd3 c5 6.dxc5 dxe4 7.Nxe4 Nxe4 8.Bxe4 Qxd1+
9.Kxd1 Bxc5 10.Ke2 Nd7 11.c3 Nf6 12.Bc2 O-O 13.Be3 Bxe3 14.fxe3 Bd7 15.Ne5 Bb5+
16.c4 Rfc8 17.b3 Be8 18.Bd3 b5 19.Rhc1 Rc5 20.Nf3 b4 21.a3 Rb8 22.axb4 Rxb4
23.Ra3 Bc6 24.Rca1 Nd7 25.Bc2 Bb7 26.Rd1 Bc8 27.Kd2 Kf8 28.Kc3 Rb8 29.e4 Nb6
30.Rd8+ Ke7 31.Rh8 h6 32.Rxa6 Rb7 33.Rg8 g5 34.h3 Nd7 35.Ra8 Rbc7 36.Bd3 Nf6
37.Rh8 Bb7 38.Rab8 Nxe4+ 39.Bxe4 Bxe4 40.Rhe8+ Kf6 41.Nh2 Kf5 42.g3 Rd5 43.Red8 Rxd8
44.Rxd8 Bg2 45.Rd2 Bxh3 46.b4 e5 47.b5 e4 48.b6 Rb7 49.Rb2 Ke5 50.c5 Bd7
51.Rd2 h5 52.Rd6 h4 53.gxh4 gxh4 54.Rxd7 Rxd7 55.c6 Rd5 56.Kc4 Rd4+ 57.Kc5 Rd5+
58.Kc4 Rd4+ 59.Kc5 Rd5+ 60.Kc4  1/2-1/2

[Event "Asian Continental 2013"]
[Site "Manila PHI"]
[Date "2013.05.20"]
[Round "3.23"]
[White "Debashis,D"]
[Black "Mu Ke"]
[Result "1/2-1/2"]
[WhiteElo "2488"]
[BlackElo "2297"]

1.e4 e6 2.d4 d5 3.Nd2 Nc6 4.Ngf3 Nf6 5.e5 Nd7 6.Bd3 f6 7.exf6 Qxf6 8.Nf1 Bd6
9.Ne3 Nb4 10.Be2 O-O 11.O-O c5 12.c3 Nc6 13.Bd3 Kh8 14.Ng4 Qe7 15.Re1 cxd4
16.cxd4 Bb4 17.Rf1 e5 18.Bg5 Qe6 19.Ngxe5 Ndxe5 20.dxe5 Nxe5 21.Nxe5 Qxe5
22.Bh4 Bf5 23.a3 Bc5 24.b4 Qd4 25.Bxf5 Qxh4 26.Qxd5 Bd4 27.Ra2 Rad8 28.Qe4 Qf6
29.Rd2 b6 30.Bg4 a5 31.g3 axb4 32.axb4 Rfe8 33.Qf3 Qxf3 34.Bxf3 Bc3 35.Rxd8 Rxd8
36.b5 Re8  1/2-1/2

[Event "Asian Continental w 2013"]
[Site "Manila PHI"]
[Date "2013.05.21"]
[Round "4.13"]
[White "Lkhamsuren,U"]
[Black "Medina,W"]
[Result "1/2-1/2"]
[WhiteElo "2137"]
[BlackElo "2320"]

1.e4 e6 2.d4 d5 3.Nd2 Nc6 4.Ngf3 Nf6 5.e5 Nd7 6.c3 f6 7.exf6 Qxf6 8.Nb3 Bd6
9.Bg5 Qf7 10.Bh4 h6 11.Bg3 O-O 12.Bb5 Bxg3 13.fxg3 a6 14.Bxc6 bxc6 15.O-O a5
16.Qc2 Ba6 17.Rfe1 a4 18.Nc1 c5 19.Ne2 g5 20.g4 Qh7 21.Qxh7+ Kxh7 22.Ng3 Rfe8
23.b4 cxb4 24.cxb4 a3 25.Re3 Bc4 26.Nf1 Ra4 27.N1d2 Nb6 28.Ne5 Rxb4 29.Rxa3 Ra8
30.Rc3 Kg8 31.a3 Rba4 32.Kf2 R8a5 33.g3 Rb5 34.Rb1 Rxb1 35.Nxb1 Ba2 36.Nd2 Rxd4
37.Ndf3 Ra4 38.Rxc7 Rxa3 39.Rc6 Nc4 40.Rxe6 Nxe5 41.Nxe5 Kg7 42.h4 Bb1 43.hxg5 hxg5
44.Nf3 Ra2+ 45.Ke3 Ra3+ 46.Kf2 Ra2+ 47.Ke3 Ra3+ 48.Kf2 Ra2+  1/2-1/2

[Event "22nd TCh-CRO Cup 2013"]
[Site "Bol na Bracu CRO"]
[Date "2013.05.23"]
[Round "2.24"]
[White "Zelenika,S"]
[Black "Kovacevic,Bl"]
[Result "1/2-1/2"]
[WhiteElo "2286"]
[BlackElo "2427"]

1.e4 e6 2.d4 d5 3.Nd2 Nc6 4.Ngf3 Nf6 5.e5 Nd7 6.Bb5 a6 7.Bxc6 bxc6 8.Nb3 c5
9.Bg5 Be7 10.Na5 Nxe5 11.Nxe5 Bxg5 12.Nac6 Qd6 13.Qh5 O-O 14.Qxg5 f6 15.dxc5 Qxc5
16.Qe3 Qxe3+ 17.fxe3 fxe5 18.Nxe5 a5 19.O-O-O Ba6 20.Rd2 Bb5 21.b3 Rf5 22.Nd3 a4
23.Kb2 axb3 24.axb3 Bxd3 25.cxd3 Re5 26.Rc1 Ra7 27.e4 dxe4 28.dxe4 Rxe4 29.Rd8+ Kf7
30.Rd7+  1/2-1/2

[Event "Chicago Open 2013"]
[Site "Wheeling USA"]
[Date "2013.05.24"]
[Round "3.15"]
[White "Chandra,Akshat"]
[Black "Shabalov,A"]
[Result "0-1"]
[WhiteElo "2270"]
[BlackElo "2544"]

1.e4 e6 2.d4 d5 3.Nd2 Be7 4.Ngf3 Nf6 5.e5 Nfd7 6.Bd3 c5 7.c3 Nc6 8.O-O a5
9.a4 cxd4 10.cxd4 Nb4 11.Bb5 O-O 12.Nb1 Nb6 13.Nc3 Bd7 14.b3 Rc8 15.Bd2 Bc6
16.Qe2 Na8 17.Rfc1 Qb6 18.h4 Nc7 19.h5 h6 20.Be3 Rfd8 21.Nh2 Nxb5 22.Nxb5 Be8
23.f4 Rc6 24.g4 Rdc8 25.Rxc6 Rxc6 26.g5 Rc2 27.Qg4 hxg5 28.fxg5 Bxb5 29.axb5 Qxb5
30.g6 Qe2 31.gxf7+ Kf8 32.Qg3 Bh4 33.Qh3 Bf2+ 34.Bxf2 Qxf2+ 35.Kh1 Qxd4 36.Rf1 Nd3
37.Ng4 Qe4+ 38.Qf3 Rc1 39.Qxe4 dxe4 40.Kg2 Rxf1 41.Kxf1 Nc5 42.h6 gxh6  0-1

[Event "e2e4 Sunningdale Open"]
[Site "Ascot ENG"]
[Date "2013.05.25"]
[Round "3"]
[White "Bucher,G"]
[Black "Dydak,Mateusz"]
[Result "1-0"]
[WhiteElo "2039"]
[BlackElo "1937"]

1.e4 e6 2.d4 d5 3.Nd2 Nc6 4.Ngf3 Nf6 5.e5 Ne4 6.Bd3 f5 7.exf6 Nxf6 8.O-O Bd6
9.Re1 O-O 10.c3 Bd7 11.Ne5 Ne7 12.Nxd7 Qxd7 13.Qe2 Rae8 14.Qxe6+ Qxe6 15.Rxe6 Ng6
16.Rxe8 Rxe8 17.Nf3 Nf4 18.Bxf4 Bxf4 19.g3 Bd6 20.Kf1 b6 21.Bb5 Rd8 22.Re1 a6
23.Bd3 c5 24.Ng5 c4 25.Bf5 Bb8 26.Re7 Bd6 27.Be6+ Kf8 28.Rf7+  1-0

[Event "22nd TCh-CRO Cup 2013"]
[Site "Bol na Bracu CRO"]
[Date "2013.05.25"]
[Round "5.52"]
[White "Rade,M"]
[Black "Golubovic,B"]
[Result "1/2-1/2"]
[WhiteElo "2446"]
[BlackElo "2424"]

1.e4 e6 2.d4 d5 3.Nd2 Be7 4.Bd3 c5 5.dxc5 Nf6 6.exd5 Qxd5 7.Ngf3 Nbd7 8.b4 a5
9.Bc4 Qh5 10.c3 Nd5 11.Bxd5 Qxd5 12.Bb2 axb4 13.cxb4 Rxa2 14.Rxa2 Qxa2 15.Qc1 Nf6
16.O-O Bd7 17.Qc3 O-O 18.Nc4 Bb5 19.Nfd2 Qa6 20.Re1 Rd8 21.h3 Bf8 22.Nd6 Qc6  1/2-1/2

[Event "Chicago Open 2013"]
[Site "Wheeling USA"]
[Date "2013.05.25"]
[Round "5.4"]
[White "Diamant,A"]
[Black "Robson,R"]
[Result "0-1"]
[WhiteElo "2479"]
[BlackElo "2620"]

1.e4 e6 2.d4 d5 3.Nd2 Nc6 4.Ngf3 Nf6 5.e5 Nd7 6.Be2 f6 7.exf6 Qxf6 8.Nf1 Bd6
9.Ne3 O-O 10.O-O Qg6 11.c4 Nf6 12.Qd3 Ne4 13.cxd5 Nb4 14.Qb3 Nxd5 15.Nxd5 exd5
16.Qxd5+ Be6 17.Qxb7 Rab8 18.Qa6 Bh3 19.Ne1 Bg4 20.f4 Kh8 21.Qd3 Bf5 22.Qf3 c5
23.Be3 cxd4 24.Bc1 Nc5 25.Bc4 d3 26.Kh1 Bg4 27.Qg3 Be2 28.Qxg6 hxg6 29.Rf2 d2
30.Bxd2 Bxc4 31.Be3 Rbe8 32.Rf3 Kg8 33.Rd1 Be2 34.Rxd6 Bxf3  0-1

[Event "2nd Salento Open"]
[Site "Gallipoli ITA"]
[Date "2013.05.26"]
[Round "2.8"]
[White "Rudolf,An"]
[Black "Vargas,Ga"]
[Result "1-0"]
[WhiteElo "2289"]
[BlackElo "2057"]

1.e4 e6 2.d4 d5 3.Nd2 Nc6 4.Ngf3 Nf6 5.e5 Nd7 6.Be2 f6 7.exf6 Qxf6 8.Nf1 Bd6
9.Ne3 O-O 10.O-O Qg6 11.c4 dxc4 12.Nxc4 e5 13.dxe5 Ndxe5 14.Nxd6 cxd6 15.Be3 Bg4
16.Nxe5 Nxe5 17.Bxg4 Nxg4 18.Qd5+ Rf7 19.Rac1 Kh8 20.Bxa7 h6 21.Bd4 Raf8
22.h3 Ne5 23.Bxe5 dxe5 24.Qxe5 Qb6 25.Rc2 Qg6 26.Re2 Qd3 27.Rfe1 Qa6 28.b3 Qb6
29.Qe3 Qg6 30.Rd2 Qf6 31.Kh2 Qc6 32.f3 Rf5 33.Qe6 Qc7+ 34.Qd6 Qc3 35.Rde2 R5f6
36.Re6 Kh7 37.Rxf6 Rxf6 38.Qe5 Qd2 39.Re2 Qd1 40.Qe4+ Kg8 41.Qe7 Qd3 42.Qe8+ Rf8
43.Qe6+ Kh8 44.Qe7 Kg8 45.Re4 Qd2 46.Rg4 Qc3 47.f4 Rf7 48.Qe8+ Rf8 49.Qe6+ Rf7
50.Qe8+ Rf8 51.Qe5 Qxe5 52.fxe5 Rf2 53.a4 b5 54.Re4 Kf7 55.e6+ Ke7 56.axb5 Rf5
57.Rb4 Kxe6 58.b6 Rf8 59.b7 Rb8 60.Rb6+ Kd5 61.b4 Ke5 62.Kg3 Ke4 63.Kg4 Ke5
64.Kh5 Kf5 65.g4+  1-0

[Event "Chicago Open 2013"]
[Site "Wheeling USA"]
[Date "2013.05.26"]
[Round "6.10"]
[White "Xiong,Jeffrey"]
[Black "Shulman,Y"]
[Result "1/2-1/2"]
[WhiteElo "2376"]
[BlackElo "2570"]

1.e4 e6 2.d4 d5 3.Nd2 a6 4.Ngf3 c5 5.exd5 exd5 6.Be2 Nf6 7.O-O cxd4 8.Nb3 Be7
9.Nbxd4 O-O 10.h3 Nc6 11.c3 Ne4 12.Qc2 h6 13.Be3 Bf6 14.Rad1 Re8 15.Bd3 Qc7
16.Rfe1 Bd7 17.Nxc6 bxc6 18.Bd4 c5 19.Bxf6 Nxf6 20.Rxe8+ Rxe8 21.Bxa6 Qa7
22.Bd3 Qxa2 23.b4 Qa3 24.bxc5 Ba4 25.Qc1 Qxc5 26.Re1 Rc8 27.Bf5 Bd7 28.Bxd7 Nxd7
29.Qd2 Nf6 30.Re3 Ne4 31.Qd4 Nxc3 32.Re8+ Kh7 33.Qd3+ g6 34.Rxc8 Qxc8 35.Ne5 Kg7
36.Ng4 Qc5 37.Qd2 g5 38.Ne3 f6 39.Qd3 h5 40.Nf5+ Kf8 41.Qa6 Ne4 42.Qa8+ Kf7
43.Qb7+ Ke6 44.Ng7+ Kd6 45.Qb8+ Kc6 46.Qc8+ Kb5 47.Qxc5+ Kxc5 48.Nxh5 d4
49.Kf1 d3 50.Ke1 Kd4 51.Ng3 Nd6 52.Nf1 Kc3 53.g3 Kc2 54.h4 g4 55.h5 Nf5 56.Nd2 Nd4
57.Nc4 Nf3+ 58.Kf1 d2 59.Ne3+ Kd3 60.h6 Ng5 61.Nd1 Nh7 62.Ne3 f5 63.Nd1 Nf6
64.Ne3 Nh7 65.Nd1 Nf6 66.Ne3 f4 67.gxf4 g3 68.Nd1 Kc2 69.Ne3+ Kc1 70.h7 Nxh7
71.fxg3 Nf6 72.Ke2 Ng4 73.Nd1 Nh6 74.Nf2 Ng4 75.Nd3+ Kc2 76.Nb4+ Kc1 77.Nd3+ Kc2
78.Nb4+  1/2-1/2

[Event "Makedonia Palace GP"]
[Site "Thessaloniki GRE"]
[Date "2013.05.30"]
[Round "8.4"]
[White "Kamsky,G"]
[Black "Nakamura,Hi"]
[Result "1-0"]
[WhiteElo "2741"]
[BlackElo "2775"]

1.e4 e6 2.d4 d5 3.Nd2 Be7 4.c3 c5 5.e5 Nc6 6.Bd3 cxd4 7.cxd4 Nh6 8.Ndf3 f6
9.Bxh6 gxh6 10.Ne2 Qb6 11.O-O Bd7 12.b4 a6 13.Qd2 fxe5 14.dxe5 Qxb4 15.Qxh6 Qa3
16.Bg6+ Kd8 17.Bf7 Rf8 18.Bxe6 Rxf3 19.gxf3 Qxf3 20.Ng3 Nxe5 21.Rae1 Qf6
22.Qxf6 Bxf6 23.Bxd5 Bb5 24.Rd1 Kc7 25.Rc1+ Kb6 26.Rfd1 Nc6 27.Be4 h6 28.Rd7 Rb8
29.Rb1 Ka5 30.Kg2 Bh8 31.Rh7 Nb4 32.a3 Na2 33.Rxb7 Rxb7 34.Bxb7 Ka4 35.Ne4 Kxa3
36.Nc5 Nc3 37.Rb3+ Ka2 38.Bxa6 Bc6+ 39.Kg1 Bd5 40.Rb4 Ka3 41.Rh4 Bg7 42.Bc4 Bf3
43.Ne6 Be5 44.Rxh6 Kb2 45.Nc5 Bd4 46.Nd3+ Kb1 47.Rd6 Ba7 48.Rd7 Bb6 49.Ne5 Ba8
50.h4  1-0

[Event "2nd Salento Open"]
[Site "Gallipoli ITA"]
[Date "2013.06.01"]
[Round "9"]
[White "Korneev,O"]
[Black "Caruso,Au"]
[Result "1-0"]
[WhiteElo "2630"]
[BlackElo "2272"]

1.e4 e6 2.d4 d5 3.Nd2 Nc6 4.Ngf3 Nf6 5.e5 Nd7 6.Nb3 f6 7.Bb5 fxe5 8.dxe5 Nc5
9.Bg5 Qd7 10.Nfd4 Nxb3 11.axb3 Bc5 12.Nxc6 bxc6 13.Bd3 O-O 14.O-O Be7 15.Qh5 g6
16.Qh4 Bxg5 17.Qxg5 Qg7 18.b4 a6 19.Ra5 Rb8 20.c3 Rb6 21.f4 Qf7 22.h4 Kh8
23.Rf3 Bb7 24.Rf2 Rg8 25.Ra1 Re8 26.Re1 d4 27.h5 gxh5 28.f5 Rg8 29.Qf6+ Qxf6
30.exf6 exf5 31.Rxf5 c5 32.Re7 Rf8 33.Rxh5 Rfxf6 34.Re8+ Kg7  1-0

[Event "35th Nezhmetdinov Cup"]
[Site "Kazan RUS"]
[Date "2013.06.01"]
[Round "2.17"]
[White "Zakhartsov,Vl"]
[Black "Lintchevski,D"]
[Result "1/2-1/2"]
[WhiteElo "2335"]
[BlackElo "2526"]

1.e4 e6 2.d4 d5 3.Nd2 Nc6 4.c3 e5 5.dxe5 dxe4 6.Qe2 Nxe5 7.Nxe4 Qe7 8.Bf4 Bg4
9.Qe3 Rd8 10.Nf3 Bxf3 11.gxf3 Nf6 12.Nxf6+ gxf6 13.Be2 Qc5 14.b4 Qxe3 15.Bxe3 Bd6
16.O-O-O Ng6 17.Kc2 Bf4 18.Bd3 Bxe3 19.fxe3 Ne5 20.Be4 c6 21.Rxd8+ Kxd8 22.Rg1 Ke7
23.f4 Nc4 24.Kd3 Nd6 25.Bf3 f5 26.Rd1 a5 27.a4 Ra8 28.Ra1 Rd8 29.Ke2 Nc4
30.Ra2 Rd6 31.bxa5 Nxa5 32.Rd2 Rh6 33.Kd3 Kd6 34.Rg2 f6 35.Bd1 Kc5 36.Rf2 Nc4
37.Bb3 Nd6 38.Rg2 Rh3 39.Be6 b6 40.Ra2 Rh6 41.Rg2 Rh3 42.Ra2 Rh6  1/2-1/2

[Event "2nd Server24 Open"]
[Site "Ortisei ITA"]
[Date "2013.06.01"]
[Round "1.11"]
[White "Gruettner,R"]
[Black "Stella,A"]
[Result "0-1"]
[WhiteElo "2090"]
[BlackElo "2463"]

1.e4 e6 2.d4 d5 3.Nd2 Nc6 4.c3 e5 5.dxe5 dxe4 6.Bb5 Qd5 7.Qe2 Bf5 8.f3 exf3
9.Ngxf3 O-O-O 10.O-O Bd3 11.Bxd3 Qxd3 12.Qxd3 Rxd3 13.Ne4 h6 14.h4 Nge7 15.Bf4 Ng6
16.Bg3 Be7 17.h5 Nf8 18.Rae1 Ne6 19.Re2 Rf8 20.Kh2 a5 21.Nf2 Rd5 22.Ng4 Bc5
23.Ne3 Rfd8 24.Ree1 Bxe3 25.Rxe3 R8d7 26.Nh4 Rd2 27.Nf5 Rxb2 28.Be1 Ne7 29.Rg3 Nc6
30.Nxg7 Nxe5  0-1

[Event "35th Nezhmetdinov Cup"]
[Site "Kazan RUS"]
[Date "2013.06.02"]
[Round "3.26"]
[White "Lugovskoy,M"]
[Black "Murtazin,Bulat"]
[Result "0-1"]
[WhiteElo "2396"]
[BlackElo "2151"]

1.e4 e6 2.d4 d5 3.Nd2 a6 4.Ngf3 c5 5.dxc5 Bxc5 6.Bd3 Nc6 7.c3 Nge7 8.Qe2 O-O
9.O-O Ng6 10.Nb3 Bb6 11.Bg5 Qd6 12.Rad1 Nf4 13.Qd2 Nxd3 14.Qxd3 Ne5 15.Qe2 Nxf3+
16.Qxf3 Qe5 17.Bf4 Qxe4 18.Qxe4 dxe4 19.c4 Re8 20.c5 Ba7 21.Rd4 f6 22.Rxe4 e5
23.Be3 Bd7 24.Rb4 Bb5 25.Rc1 Red8 26.a4 Bc6 27.Na5 Rab8 28.Kf1 Bd5 29.Rc3 Rd7
30.f3 Rc8 31.Nc4 Kf8 32.Kf2 Ke7 33.Nd6 Rcd8 34.Rh4 h6 35.b4 Ke6 36.b5 f5
37.g3 Rh8 38.Ke2 Rdd8 39.Rb4 g5 40.b6 Bb8 41.Nc4 f4 42.Bf2 h5 43.Na5 g4 44.gxf4 exf4
45.Nxb7 gxf3+ 46.Ke1 Bxb7 47.c6 Be5 48.Re4 Kf5 49.Rxe5+ Kxe5 50.cxb7 Ke4
51.Bh4 Rb8 52.Rc7 a5 53.Kf2 Rh6 54.Rc4+ Kd3 55.Rxf4 Rxb6 56.Bg3 R8xb7 57.Rxf3+ Kc4
58.Rf5 Kb4 59.Rxh5 Kxa4 60.Rf5 Rb5 61.Rf4+ Kb3 62.Rf3+ Ka2 63.Bd6 Rb2+ 64.Kg3 Rd2
65.Bf8 Rb3 66.h4 Rxf3+ 67.Kxf3 Rh2 68.Kg4 Kb3 69.h5 Kc4 70.h6 Kd5 71.Bg7 Ke6
72.Kg3 Rh5 73.Kf3 Kf7 74.Ke2 Kg8 75.Kd2 Rb5 76.Kc2 Kh7 77.Bb2 a4 78.Bc1 Rb7
79.Kd1 Rc7 80.Bf4 Rc6 81.Bc1 Rc8 82.Kd2 Kxh6 83.Bb2 Kg5 84.Bc3 a3 85.Kc2 a2  0-1

[Event "6th Mayors Cup 2013"]
[Site "Mumbai IND"]
[Date "2013.06.02"]
[Round "7"]
[White "Ziatdinov,R"]
[Black "Natarajan,C"]
[Result "1/2-1/2"]
[WhiteElo "2348"]
[BlackElo "2214"]

1.e4 e6 2.d4 d5 3.Nd2 Be7 4.Ngf3 Nf6 5.Bd3 c5 6.e5 Nfd7 7.c3 cxd4 8.cxd4 Nc6
9.O-O a5 10.b3 g5 11.Bb2 Qb6 12.Rc1 h5 13.h3 a4 14.Bc3 axb3 15.axb3 Qd8 16.Nh2 Qb6
17.Ra1 Rxa1 18.Qxa1 Bb4 19.Ndf3  1/2-1/2

[Event "French Top 12 2013"]
[Site "Haguenau FRA"]
[Date "2013.06.03"]
[Round "5.5"]
[White "Sebag,M"]
[Black "Nezar,M"]
[Result "1-0"]
[WhiteElo "2527"]
[BlackElo "2396"]

1.e4 e6 2.d4 d5 3.Nd2 a6 4.Ngf3 Nf6 5.Bd3 c5 6.exd5 Nxd5 7.O-O cxd4 8.Nb3 Nc6
9.Nbxd4 Nxd4 10.Nxd4 Bc5 11.Nf3 Nb4 12.Be4 Qxd1 13.Rxd1 f5 14.Bd3 b5 15.Bf4 O-O
16.Be2 Nd5 17.Be5 Bb7 18.c3 Rfd8 19.a4 bxa4 20.Rxa4 Nb6 21.Raa1 Rxd1+ 22.Rxd1 Bd5
23.b4 Be7 24.Nd4 a5 25.Bc7 Na4 26.c4 Nc3 27.cxd5 Nxd1 28.Bxd1 axb4 29.Kf1 Ra1
30.Ke2 exd5 31.Bb3 g6 32.Bxd5+ Kf8 33.f4 Rh1 34.h3 Ra1 35.Be5 Ra5 36.Bb3 Ra6
37.Ne6+ Rxe6 38.Bxe6  1-0